| 000 | 00955nam a2200265 a 4500 | ||
|---|---|---|---|
| 001 | 64552 | ||
| 003 | BD-RjUL | ||
| 005 | 20211209081324.0 | ||
| 008 | 170 r19771930nyua b 001 0 eng | ||
| 035 | _a(BD-RjUL)64682 | ||
| 040 |
_aDLC _cDLC _dBD-RjUL _beng |
||
| 041 | _aeng | ||
| 082 | 0 | 0 |
_a973 _223 _bMOC 1977 |
| 100 | 1 |
_aMorison, Samuel Eliot, _d1887-1976. _9176549 |
|
| 245 | 1 | 2 |
_aA concise history of the American Republic / _cSamuel Eliot Morison, Henry Steele Commager, William E. Leuchtenburg. |
| 250 | _a2nd ed., An abbreviated and rev. ed. of The growth of the American Republic. | ||
| 260 |
_aNew York : _bOxford University Press, _c1930, c1977 |
||
| 300 |
_aV. 2 : _bill. ; _c24 cm. |
||
| 504 | _aIncludes bibliography and index. | ||
| 505 | 0 | _aVol. 2--since 1865 | |
| 651 | 0 |
_aUnited States _9176143 |
|
| 700 | 1 |
_aCommager, Henry Steele, _d1902-1998. _9191467 |
|
| 700 | 1 |
_aLeuchtenburg, William Edward, _d1922- _9191468 |
|
| 942 |
_2ddc _cBK |
||
| 999 |
_c64552 _d64552 |
||